| 000 | 01741naa a22003497a 4500 | ||
|---|---|---|---|
| 001 | BR8500777 | ||
| 003 | BR-BrBNA | ||
| 005 | 20240918175514.0 | ||
| 007 | ta | ||
| 008 | 230509b bl.||||| |||| 00| 0 por d | ||
| 040 |
_aBR-BrBNA _bpor _cBiblioteca Nacional de Agricultura |
||
| 041 | _a(Pt) | ||
| 072 |
_aF30 _b0180 _bG514 |
||
| 090 | _aF30 BR8500777 | ||
| 100 | 1 | _aMor, M.J. | |
| 100 | 1 | _aSvoboda, L.H. | |
| 100 | 1 | _aMatzenbacher, R.G. | |
| 100 | 1 | _aViau, V. | |
| 100 | 1 | _aMaggioni, E. | |
| 100 | 1 | _aPillon, J.L. | |
| 111 | 1 |
_a13. Reuniao Nacional de Pesquisa de Trigo _cCruz Alta, RS (Brazil) _d16-28 Jul 1984 |
|
| 245 | 1 | _aResultados do ensaio estadual de cultivares de trigo em cinco locais do Rio Grande do Sul em 1983 [melhoramento genetico vegetal, Triticum aestivum, Cruz Alta, Augusto Pestana, Santa Rosa, Sao Luiz Gonzaga, Encruzilhada do Sul, Brasil] | |
| 246 | 1 | _aResults of the state trial of Wheat cultivars in five places of Rio Grande do Sul, in 1983 [plant breeding, Triticum aestivum, Cruz Alta, Augusto Pestana, Santa Rosa, Sao Luiz Gonzaga, Encruzilhada do Sul, Brazil] | |
| 246 | 1 | _a[Contribution of the Centro de Experimentacao e Pesquisa to the 13. National Meeting of Wheat Research] | |
| 260 | 3 |
_aCruz Alta, RS (Brasil): _c1984. |
|
| 500 | _aContribuicao do Centro de Experimentacao e Pesquisa a 13. Reuniao Nacional de Pesquisa de Trigo Cruz Alta, RS (Brasil): 1984. p. 42-50 (BR8500777-AM)F30 | ||
| 650 | _aMELHORAMENTO GENETICO VEGETAL | ||
| 650 | _aTRIGO | ||
| 773 | 0 |
_tContribuicao do Centro de Experimentacao e Pesquisa a 13. Reuniao Nacional de Pesquisa de Trigo _wF30 BR8500777 _gCruz Alta, RS (Brasil), 1984. p. 42-50 |
|
| 909 |
_a202404 _bLucia _c55 _dLucia Elande |
||
| 942 |
_cAM _2AGRIS |
||
| 999 |
_c317046 _d317046 |
||